Mittelamerika Karten-Quiz - Statistiken

Allgemein
  • Dieses Quiz wurde 9.756 mal gespielt
  • Das Durchschnittsergebnis liegt bei 10 aus 14
Antworten auf der Karte
Die Antworten werden auf der Karte rot bzw. grün angezeigt, abhängig davon wie oft sie richtig erraten wurden.
 
Antwortstatistiken
Antwort % Korrekt
Panama
87%
Dominikanische
Republik
78%
Kuba
78%
Jamaika
74%
Haiti
73%
Bahamas
71%
Belize
70%
El Salvador
70%
Guatemala
70%
Costa Rica
68%
Trinidad und Tobago
68%
Honduras
67%
Nicaragua
65%
Puerto Rico (USA)
59%
Keine übereinstimmenden Quizze gefunden
Verteilung der Resultate
Anzahl Personen mit jedem Resultat
Perzentil nach korrekt beantworteten Fragen
Ihre Resultats-Entwicklung
Sie haben dieses Quiz noch nicht gespielt